[Event "2nd Easter 4NCL Congress"]
[Site "Daventry"]
[Date "2022.04.16"]
[Round "3"]
[Board "12"]
[White "Boutsias, Jason"]
[Black "Whitmore, Darren H"]
[Result "1-0"]
[WhiteElo "1638"]
[BlackElo "1874"]
[PlyCount "141"]
[EventDate "2022.04.15"]
[EventRounds "7"]
[EventCountry "ENG"]

1. e4 c5 2. Nf3 Nc6 3. Bb5 Nf6 4. e5 Nd5 5. O-O d6 6. Re1 e6 7. c4 Nc7 8. Bxc6+
bxc6 9. Qa4 Bd7 10. exd6 Bxd6 11. Nc3 Qc8 12. Ne4 Be7 13. Qc2 h6 14. b3 O-O 15.
Ba3 Na6 16. d4 Nb4 17. Qd2 Qa6 18. Bb2 Qb6 19. dxc5 Bxc5 20. Nxc5 Qxc5 21. Qxd7
Nc2 22. Qd3 Nxa1 23. Qc3 f6 24. Bxa1 e5 25. b4 Qd6 26. c5 Qd5 27. Qb3 Qxb3 28.
axb3 Rfd8 29. Bc3 Rd3 30. Re3 Rad8 31. Be1 Rxe3 32. fxe3 Rd3 33. Kf2 Rxb3 34.
Ke2 Kf7 35. Bd2 Ke6 36. e4 f5 37. exf5+ Kxf5 38. Ne1 Rb2 39. Nd3 Rb1 40. Nf2 h5
41. h3 h4 42. Ng4 Rb3 43. Ne3+ Ke4 44. Nc4 Rg3 45. Nd6+ Kd5 46. Kf1 a6 47. Be1
Rb3 48. Nf5 Kc4 49. Nxg7 Rxb4 50. Bxb4 Kxb4 51. Ke2 a5 52. Kd2 a4 53. Kc2 Kxc5
54. Nf5 e4 55. Nxh4 e3 56. Nf3 Kd5 57. h4 Ke4 58. h5 Kf5 59. Nd4+ Kg5 60. g4 c5
61. Ne2 c4 62. Kb2 Kxg4 63. h6 Kf3 64. Nd4+ Ke4 65. h7 Kd3 66. h8=Q c3+ 67. Kc1
a3 68. Nc2 a2 69. Qd4+ Ke2 70. Qc4+ Kf2 71. Qxa2  1-0

[Event "2nd Easter 4NCL Congress"]
[Site "Daventry"]
[Date "2022.04.16"]
[Round "3"]
[Board "13"]
[White "Gostelow, Luke"]
[Black "Chantrell, Paul"]
[Result "1-0"]
[WhiteElo "1867"]
[BlackElo "1783"]
[PlyCount "73"]
[EventDate "2022.04.15"]
[EventRounds "7"]
[EventCountry "ENG"]

1. c4 Nf6 2. Nf3 g6 3. g3 Bg7 4. Bg2 O-O 5. O-O d6 6. d4 c6 7. Nc3 d5 8. h3 e6
9. Rb1 a5 10. a3 Nbd7 11. c5 Re8 12. Bf4 Nh5 13. Bd6 Bf8 14. Bxf8 Kxf8 15. e4
Ng7 16. Qd2 Kg8 17. Nh2 Re7 18. e5 Qf8 19. Ng4 Nf5 20. Ne2 f6 21. f4 fxe5 22.
fxe5 Rf7 23. Nf4 Qe7 24. Rf3 Qg5 25. Qf2 h5 26. Nxe6 Qe7 27. Rxf5 Rxf5 28. Nh6+
Kh7 29. Nxf5 Qxe6 30. Nd6 b5 31. Rf1 Kg8 32. h4 Qe7 33. Bh3 Ba6 34. Qd2 Rf8 35.
Rxf8+ Nxf8 36. Qxa5 Bb7 37. Qa7  1-0

[Event "2nd Easter 4NCL Congress"]
[Site "Daventry"]
[Date "2022.04.16"]
[Round "3"]
[Board "14"]
[White "Tomlinson, Zak"]
[Black "Curran, David P"]
[Result "1/2-1/2"]
[WhiteElo "1855"]
[BlackElo "1734"]
[PlyCount "114"]
[EventDate "2022.04.15"]
[EventRounds "7"]
[EventCountry "ENG"]

1. e4 c6 2. d4 d5 3. exd5 cxd5 4. c4 Nf6 5. Nc3 a6 6. Nf3 Bg4 7. c5 Qc7 8. h3
Bh5 9. Be2 Nbd7 10. Bg5 e6 11. O-O Be7 12. b4 O-O 13. Rc1 Rac8 14. b5 Ra8 15.
bxa6 bxa6 16. Rb1 Kh8 17. Bh4 Ne4 18. Nxe4 Bxh4 19. Nxh4 Bxe2 20. Qxe2 dxe4 21.
Qxe4 Nf6 22. Qb7 Qf4 23. Nf3 Nd5 24. Rfc1 Rfb8 25. Qd7 Rd8 26. Qa4 f6 27. Qc4
e5 28. dxe5 fxe5 29. Qxf4 Nxf4 30. Rc2 Rab8 31. Rxb8 Rxb8 32. Nxe5 Kg8 33. c6
Rc8 34. Rc4 Ne6 35. Ra4 Nc7 36. Rd4 Kf8 37. Nd7+ Ke7 38. Nb6 Rd8 39. Rxd8 Kxd8
40. f4 Ne6 41. Nd5 Nd4 42. c7+ Kd7 43. Kf2 Ne6 44. Ke3 Nxc7 45. Nxc7 Kxc7 46.
Ke4 Kd6 47. Kf5 a5 48. g4 Kd5 49. h4 a4 50. a3 Kc4 51. Ke4 Kb3 52. Kd3 Kxa3 53.
Kc3 Ka2 54. Kc2 Ka3 55. f5 Kb4 56. g5 Kc5 57. f6 gxf6  1/2-1/2

[Event "2nd Easter 4NCL Congress"]
[Site "Daventry"]
[Date "2022.04.16"]
[Round "3"]
[Board "15"]
[White "Wheeler, Tim"]
[Black "Hinchcliffe, Gary"]
[Result "1-0"]
[WhiteElo "1703"]
[BlackElo "1854"]
[PlyCount "75"]
[EventDate "2022.04.15"]
[EventRounds "7"]
[EventCountry "ENG"]

1. e4 e6 2. d4 d5 3. Nd2 dxe4 4. Nxe4 Nd7 5. Bd3 Ngf6 6. Qe2 Nxe4 7. Bxe4 Nf6
8. Bxb7 Rb8 9. Bxc8 Qxc8 10. Nf3 Qb7 11. O-O Bd6 12. c4 Qa6 13. Qc2 O-O 14. b3
Qa5 15. Bd2 Bb4 16. Bxb4 Qxb4 17. Rfd1 Rfd8 18. h3 a5 19. Rab1 Ra8 20. Ne5 Qb6
21. Qd3 Nd7 22. Qe4 Nxe5 23. Qxe5 Qd6 24. Qe4 Qa3 25. Qc2 Rd6 26. Rd3 Qb4 27.
a3 Qb7 28. b4 axb4 29. axb4 Qe4 30. Ra3 Qb7 31. Rxa8+ Qxa8 32. Qc3 g6 33. c5
Rd5 34. b5 Rg5 35. g3 Rd5 36. b6 cxb6 37. cxb6 Qb7 38. Qc7  1-0

[Event "2nd Easter 4NCL Congress"]
[Site "Daventry"]
[Date "2022.04.16"]
[Round "3"]
[Board "16"]
[White "Macphail, Kieran"]
[Black "Fellowes, Billy"]
[Result "1-0"]
[WhiteElo "1849"]
[BlackElo "1612"]
[PlyCount "75"]
[EventDate "2022.04.15"]
[EventRounds "7"]
[EventCountry "ENG"]

1. e4 Nc6 2. Nf3 d6 3. d4 Bg4 4. d5 Ne5 5. Nxe5 Bxd1 6. Bb5+ c6 7. dxc6 e6 8.
c7+ Ke7 9. cxd8=Q+ Rxd8 10. Nxf7 Kxf7 11. Kxd1 Nf6 12. Bg5 Be7 13. Nc3 d5 14.
Bxf6 dxe4+ 15. Ke2 Bxf6 16. Rhd1 a6 17. Ba4 b5 18. Bb3 b4 19. Na4 Bd4 20. c3
bxc3 21. bxc3 Ba7 22. Rxd8 Rxd8 23. Rd1 Rxd1 24. Bxd1 Kf6 25. Bb3 Ke5 26. Nb2
Bc5 27. Nc4+ Kf4 28. Ne3 e5 29. h4 Bxe3 30. fxe3+ Kg3 31. c4 a5 32. c5 a4 33.
Be6 g5 34. hxg5 h5 35. gxh6 Kh2 36. h7 a3 37. Kf2 Kh1 38. h8=Q#  1-0

[Event "2nd Easter 4NCL Congress"]
[Site "Daventry"]
[Date "2022.04.16"]
[Round "3"]
[Board "17"]
[White "Ginestie, Martin"]
[Black "Zhao, George"]
[Result "0-1"]
[WhiteElo "1865"]
[BlackElo "1540"]
[PlyCount "46"]
[EventDate "2022.04.15"]
[EventRounds "7"]
[EventCountry "ENG"]

1. d4 e6 2. c4 Nf6 3. g3 d5 4. Bg2 dxc4 5. Nf3 c5 6. O-O Nc6 7. Qa4 Bd7 8. Qxc4
cxd4 9. Nxd4 Na5 10. Qd3 Bc5 11. Nc3 O-O 12. Nc2 Qe7 13. Bg5 Rad8 14. e4 Nc6
15. Qe2 h6 16. Be3 Bxe3 17. Nxe3 Nd4 18. Qc4 Bc6 19. e5 b5 20. exf6 Qd6 21.
Nxb5 Bxb5 22. fxg7 Rfe8 23. Qc3 Ne2+  0-1

[Event "2nd Easter 4NCL Congress"]
[Site "Daventry"]
[Date "2022.04.16"]
[Round "3"]
[Board "18"]
[White "Fisher, Neal"]
[Black "Stephens, Graeme"]
[Result "0-1"]
[WhiteElo "1732"]
[BlackElo "1856"]
[PlyCount "104"]
[EventDate "2022.04.15"]
[EventRounds "7"]
[EventCountry "ENG"]

1. d4 d5 2. Nf3 Nf6 3. Bf4 Bg4 4. Nbd2 h6 5. h3 Bh5 6. e3 e6 7. Bd3 Bd6 8. Bxd6
Qxd6 9. g4 Bg6 10. Bxg6 fxg6 11. Ne5 g5 12. c3 Nbd7 13. Ndf3 Ne4 14. h4 gxh4
15. Rxh4 Rf8 16. Nxd7 Qxd7 17. Ne5 Qb5 18. Nd3 O-O-O 19. f3 Ng5 20. f4 Ne4 21.
Rh2 Kb8 22. Qc2 c5 23. a4 Qb6 24. dxc5 Nxc5 25. Nxc5 Qxc5 26. Re2 Rxf4 27. Qg6
Rf6 28. Qxg7 Rdf8 29. O-O-O Qc4 30. Rh2 Qxa4 31. Rhd2 a6 32. g5 hxg5 33. Qxg5
Rf5 34. Qe7 Qe4 35. Qd6+ Ka8 36. Qc5 Rf3 37. Re2 Rf2 38. Rde1 Qa4 39. Kd2 Rxe2+
40. Rxe2 Rf1 41. Re1 Rxe1 42. Kxe1 Qa1+ 43. Kf2 Qxb2+ 44. Kf3 Qb5 45. Qxb5 axb5
46. Kf4 Kb8 47. Ke5 Kc7 48. Kxe6 Kc6 49. Ke5 Kc5 50. Ke6 Kc4 51. Kd6 Kxc3 52.
Kxd5 b4  0-1

[Event "2nd Easter 4NCL Congress"]
[Site "Daventry"]
[Date "2022.04.16"]
[Round "3"]
[Board "19"]
[White "Vijayakumar, Rishi"]
[Black "Gartside, Carl"]
[Result "1-0"]
[WhiteElo "1722"]
[BlackElo "1844"]
[PlyCount "123"]
[EventDate "2022.04.15"]
[EventRounds "7"]
[EventCountry "ENG"]

1. d4 Nf6 2. c4 e6 3. Nf3 Bb4+ 4. Bd2 Qe7 5. Ne5 Bxd2+ 6. Nxd2 d6 7. Nef3 Nc6
8. e3 O-O 9. Bd3 e5 10. d5 Nb4 11. Bb1 a5 12. h3 Bd7 13. a3 Na6 14. Qc2 Nc5 15.
Ng5 g6 16. b3 e4 17. Ngxe4 Nfxe4 18. Nxe4 Bf5 19. f3 Rfe8 20. O-O Nxe4 21. fxe4
Bxe4 22. Qxe4 Qxe4 23. Bxe4 Rxe4 24. Kf2 a4 25. b4 Rxc4 26. Rac1 Rxc1 27. Rxc1
Rc8 28. b5 Kf8 29. Rc4 Ke7 30. Rxa4 Kd7 31. Kf3 Re8 32. e4 Re5 33. g4 h5 34.
Ra7 b6 35. Kf4 hxg4 36. hxg4 Re8 37. Ra4 Rh8 38. Kg5 Rh3 39. Ra8 Ke7 40. Ra7
Rc3 41. a4 Rc4 42. Kf4 Kf6 43. g5+ Ke7 44. a5 bxa5 45. b6 Kd7 46. bxc7 Rxc7 47.
Rxa5 Ke7 48. Ra6 Rd7 49. e5 dxe5+ 50. Kxe5 Rb7 51. Rc6 Kd8 52. Rc5 Rb1 53. Kd6
Rb6+ 54. Rc6 Rb7 55. Ra6 Rd7+ 56. Ke5 Ke7 57. Rc6 Kf8 58. d6 Kg7 59. Rc7 Rd8
60. d7 Ra8 61. Rc8 Ra5+ 62. Kd6  1-0

[Event "2nd Easter 4NCL Congress"]
[Site "Daventry"]
[Date "2022.04.16"]
[Round "3"]
[Board "20"]
[White "Pyun, Lindsay"]
[Black "Sunny, Saurav"]
[Result "1-0"]
[WhiteElo "1569"]
[BlackElo "1818"]
[PlyCount "126"]
[EventDate "2022.04.15"]
[EventRounds "7"]
[EventCountry "ENG"]

1. e4 c5 2. Nf3 Nc6 3. d4 cxd4 4. Nxd4 e5 5. Nb5 d6 6. N1c3 a6 7. Na3 b5 8. Nd5
Nf6 9. Bg5 Be7 10. Nxe7 Qxe7 11. c3 h6 12. Bxf6 Qxf6 13. Bd3 Qg6 14. Qf3 O-O
15. O-O Be6 16. Nc2 Ne7 17. Ne3 f5 18. exf5 Bxf5 19. Nxf5 Nxf5 20. Qd5+ Qf7 21.
Qxf7+ Rxf7 22. Be4 Rd8 23. Bd5 g5 24. Rad1 Ne7 25. Bxf7+ Kxf7 26. Rfe1 Kf6 27.
Rd3 d5 28. Rde3 Nc6 29. f3 Re8 30. Rd1 Rd8 31. Kf2 d4 32. cxd4 exd4 33. Re4 h5
34. a3 d3 35. Ke3 Ne5 36. b3 Kf5 37. Rd4 Re8 38. Kd2 g4 39. fxg4+ hxg4 40. Re1
Rh8 41. Rd5 Re8 42. Rxd3 Rh8 43. Rd5 Re8 44. Rdxe5+ Rxe5 45. Rxe5+ Kxe5 46. Ke3
a5 47. h3 Kf5 48. h4 b4 49. a4 g3 50. Kf3 Ke5 51. h5 Kf5 52. h6 Kg6 53. h7 Kxh7
54. Kxg3 Kg6 55. Kg4 Kf6 56. Kf4 Ke6 57. g4 Kf6 58. g5+ Kg6 59. Kg4 Kf7 60. Kf5
Kg7 61. g6 Kf8 62. Kf6 Kg8 63. g7 Kh7  1-0

[Event "2nd Easter 4NCL Congress"]
[Site "Daventry"]
[Date "2022.04.16"]
[Round "3"]
[Board "21"]
[White "Winter, Kevin"]
[Black "Pitt, Chris W"]
[Result "1/2-1/2"]
[WhiteElo "1760"]
[BlackElo "1642"]
[PlyCount "34"]
[EventDate "2022.04.15"]
[EventRounds "7"]
[EventCountry "ENG"]

1. d4 d5 2. Bf4 e6 3. e3 c5 4. c3 Nc6 5. Nd2 Nf6 6. Bd3 Bd6 7. Bg3 b6 8. Ngf3
Bb7 9. Ne5 O-O 10. O-O Rc8 11. Ndf3 Ne4 12. Qe2 f6 13. Nxc6 Rxc6 14. Rfd1 Qe7
15. Bxd6 Rxd6 16. Rac1 Rfd8 17. h3 Qf7  1/2-1/2

[Event "2nd Easter 4NCL Congress"]
[Site "Daventry"]
[Date "2022.04.16"]
[Round "3"]
[Board "22"]
[White "Nilsson, Adam"]
[Black "Willow, Hambel M"]
[Result "1/2-1/2"]
[WhiteElo "1744"]
[BlackElo "1751"]
[PlyCount "45"]
[EventDate "2022.04.15"]
[EventRounds "7"]
[EventCountry "ENG"]

1. d4 Nf6 2. Bf4 d5 3. e3 Bf5 4. c4 e6 5. Qb3 Qc8 6. Nc3 c6 7. Nf3 Nbd7 8. Nh4
Bg6 9. Nxg6 hxg6 10. h3 dxc4 11. Bxc4 Nb6 12. Bd3 Nbd5 13. Bh2 Nxc3 14. bxc3
Qd7 15. Rb1 b6 16. a4 Bd6 17. Bxd6 Qxd6 18. a5 Rb8 19. Qb4 Qxb4 20. Rxb4 O-O
21. axb6 axb6 22. O-O c5 23. dxc5  1/2-1/2

[Event "2nd Easter 4NCL Congress"]
[Site "Daventry"]
[Date "2022.04.16"]
[Round "3"]
[Board "23"]
[White "Georgiou, George"]
[Black "Sloan, Cecil"]
[Result "1-0"]
[WhiteElo "1807"]
[BlackElo "1699"]
[PlyCount "87"]
[EventDate "2022.04.15"]
[EventRounds "7"]
[EventCountry "ENG"]

1. d4 Nf6 2. c4 Nc6 3. Nf3 e5 4. dxe5 Ng4 5. Bf4 Bb4+ 6. Nc3 Qe7 7. Rc1 Ngxe5
8. Nxe5 Nxe5 9. a3 Bxc3+ 10. Rxc3 d6 11. c5 O-O 12. cxd6 cxd6 13. e3 Be6 14.
Be2 Rfd8 15. O-O Ng6 16. Bg3 d5 17. Rc7 Rd7 18. Rxd7 Qxd7 19. Qd2 Rd8 20. Rc1
Rc8 21. Bf3 Ne7 22. h3 Nf5 23. Be5 Rxc1+ 24. Qxc1 d4 25. Bxd4 Nxd4 26. exd4
Qxd4 27. Bxb7 Qb6 28. Bf3 Kf8 29. b4 a5 30. Qc5+ Qxc5 31. bxc5 Ke7 32. Kf1 Kd7
33. Ke2 Kc7 34. Kd3 Ba2 35. h4 Be6 36. Kd4 Ba2 37. Bd5 Bxd5 38. Kxd5 Kd7 39.
c6+ Kc7 40. g4 f6 41. f4 g6 42. f5 gxf5 43. gxf5 h5 44. a4  1-0

[Event "2nd Easter 4NCL Congress"]
[Site "Daventry"]
[Date "2022.04.17"]
[Round "4"]
[Board "3"]
[White "Obi, Okwose Marc"]
[Black "Mcdonnell, James J"]
[Result "1-0"]
[WhiteElo "1921"]
[BlackElo "1929"]
[PlyCount "47"]
[EventDate "2022.04.15"]
[EventRounds "7"]
[EventCountry "ENG"]

{[%evp 0,40,19,29,40,37,77,50,57,45,63,10,49,13,3,0,6,-4,14,-384,-383,-312,
-318,-438,-439,-423,-414,-414,-328,-328,-343,-344,-324,-324,-184,-507,-482,
-482,-482,-515,-515,-532,-353]} 1. e4 c5 2. Nc3 d6 3. f4 e6 4. Nf3 Nc6 5. Bc4
g6 6. O-O Bg7 7. d3 Nge7 8. Qe1 Nd4 9. Nb5 Nxc2 10. Qf2 Nxa1 11. Be3 a6 12.
Nxd6+ Qxd6 13. Bxc5 Qd7 14. Rxa1 O-O 15. f5 b5 16. Qh4 Nxf5 17. Qf2 Ne7 18. Bb3
Bb7 19. Rf1 Rac8 20. Bb6 Rc6 21. Ng5 Rfc8 22. Be3 f6 23. Nf3 Kh8 24. d4 {
unclear recording from this point}  1-0

[Event "2nd Easter 4NCL Congress"]
[Site "Daventry"]
[Date "2022.04.17"]
[Round "4"]
[Board "4"]
[White "Ortiz Sanchez, Luis"]
[Black "Moss, Jack O"]
[Result "1-0"]
[WhiteElo "1987"]
[BlackElo "1659"]
[PlyCount "128"]
[EventDate "2022.04.15"]
[EventRounds "7"]
[EventCountry "ENG"]

1. d4 f5 2. Nc3 Nf6 3. Bg5 d5 4. Bxf6 exf6 5. e3 Be6 6. Bd3 Nc6 7. a3 a6 8.
Nge2 Bd6 9. Qd2 Qd7 10. Na4 b6 11. Rc1 Ne7 12. Nac3 g5 13. Na2 b5 14. b4 Ng6
15. Rb1 Nh4 16. Kf1 Ng6 17. Nac1 f4 18. Bxg6+ hxg6 19. exf4 gxf4 20. Nxf4 Bf7
21. Ncd3 g5 22. Re1+ Kf8 23. Ne2 Rxh2 24. Rxh2 Bxh2 25. Qe3 Kg7 26. Nc5 Qf5 27.
Qh3 Qxh3 28. gxh3 Bd6 29. Ng3 Kg6 30. Nb7 Bf8 31. Kg2 Rb8 32. Nc5 Bxc5 33. dxc5
Re8 34. Rd1 f5 35. Rd2 c6 36. Ne2 Re4 37. Nd4 Be8 38. f3 Re3 39. Re2 Rxe2+ 40.
Nxe2 Bd7 41. h4 gxh4 42. f4 Kh6 43. Nd4 Kg6 44. Nf3 Kf6 45. Kh3 Ke6 46. Nd4+
Kf6 47. Kxh4 Kg6 48. Nf3 Be8 49. c3 Kf6 50. Nd4 Bd7 51. Kh5 Be8+ 52. Kh6 Bd7
53. Kh7 Kf7 54. Nf3 Ke6 55. Ng5+ Kf6 56. Nf3 Ke6 57. Ng5+ Kf6 58. Kh6 Be8 59.
Nh7+ Ke6 60. Ng5+ Kf6 61. Nf3 Ke6 62. Kg5 d4 63. Nxd4+ Kd5 64. Nxf5 Kc4  1-0

[Event "2nd Easter 4NCL Congress"]
[Site "Daventry"]
[Date "2022.04.17"]
[Round "4"]
[Board "5"]
[White "Arora, Tashika"]
[Black "Macphail, Kieran"]
[Result "1-0"]
[WhiteElo "1986"]
[BlackElo "1849"]
[PlyCount "85"]
[EventDate "2022.04.15"]
[EventRounds "7"]
[EventCountry "ENG"]

1. d4 Nf6 2. c4 e6 3. g3 d5 4. Bg2 Bb4+ 5. Bd2 Be7 6. Nf3 O-O 7. O-O c6 8. Qc2
Nbd7 9. Rd1 b6 10. Bf4 Ba6 11. Nbd2 Nh5 12. Be3 Rc8 13. Rac1 Nhf6 14. h3 h6 15.
Ne5 c5 16. Qa4 Nb8 17. Ndf3 Qe8 18. Qxe8 Rfxe8 19. Nd2 dxc4 20. dxc5 Bxc5 21.
Ndxc4 Bxe3 22. fxe3 Red8 23. b3 Nbd7 24. Nc6 Re8 25. Nd6 Bxe2 26. Re1 Ba6 27.
Nxc8 Bxc8 28. Nxa7 Ba6 29. b4 Ne5 30. b5 Re7 31. Nc6 Nxc6 32. bxc6 Ne8 33. Red1
Nc7 34. Rd2 Kf8 35. Rcd1 Bc8 36. Rd4 e5 37. Rb4 b5 38. a4 bxa4 39. Rxa4 f6 40.
Ra7 Ke8 41. Bf3 g6 42. Rb7 f5 43. Rb8  1-0

[Event "2nd Easter 4NCL Congress"]
[Site "Daventry"]
[Date "2022.04.17"]
[Round "4"]
[Board "6"]
[White "Basson, Heinrich"]
[Black "Tart, Peter K"]
[Result "1/2-1/2"]
[WhiteElo "1823"]
[BlackElo "1962"]
[PlyCount "60"]
[EventDate "2022.04.15"]
[EventRounds "7"]
[EventCountry "ENG"]

{[%evp 0,20,19,31,75,71,59,67,58,60,53,17,24,21,42,42,45,49,99,67,87,90,81]} 1.
d4 f5 2. g3 Nf6 3. Bg2 e6 4. Nf3 Be7 5. b3 O-O 6. O-O d6 7. Bb2 Nc6 8. c4 Qe8
9. Nc3 e5 10. dxe5 dxe5 11. Nb5 Bd8 12. Ba3 Rf7 13. Ng5 Rd7 14. Qc2 e4 15. Rad1
a6 16. Nc3 Nd4 17. Qb2 Qh5 18. Nh3 Ng4 19. Rxd4 Rxd4 20. Nd5 Rxd5 21. cxd5 Bd7
22. Qd2 c6 23. Qb4 Qe8 24. Qxb7 Bf6 25. Rd1 cxd5 26. Qxd5+ Be6 27. Qa5 Qb5 28.
Qd2 Rd8 29. Qc2 Rc8 30. Qd2 Rd8  1/2-1/2

[Event "2nd Easter 4NCL Congress"]
[Site "Daventry"]
[Date "2022.04.17"]
[Round "4"]
[Board "7"]
[White "Manawadu, Dilhan"]
[Black "Wheeler, Tim"]
[Result "1-0"]
[WhiteElo "1941"]
[BlackElo "1703"]
[PlyCount "87"]
[EventDate "2022.04.15"]
[EventRounds "7"]
[EventCountry "ENG"]

1. Nf3 g6 2. e4 Bg7 3. d4 d6 4. Bc4 Nf6 5. Nc3 O-O 6. Bg5 Nxe4 7. Bxf7+ Rxf7 8.
Nxe4 Bg4 9. Qd2 Nc6 10. c3 Bxf3 11. gxf3 Qf8 12. O-O-O Rxf3 13. Be3 Re8 14. Ng5
Rf6 15. d5 Nd8 16. h4 e5 17. h5 h6 18. Ne4 Rf4 19. Bxf4 exf4 20. f3 g5 21. Rdg1
Qf5 22. Nf2 Nf7 23. Ng4 Be5 24. Re1 Kg7 25. Rh2 Re7 26. Rhe2 Re8 27. Qc2 Qxc2+
28. Kxc2 a6 29. Kd3 Re7 30. c4 b6 31. b4 Re8 32. a4 Rb8 33. Rb1 Kh7 34. Kc2 Kg7
35. Rb3 Kf8 36. a5 bxa5 37. bxa5 Rxb3 38. Kxb3 Ke7 39. Kc2 Kd7 40. c5 Bg7 41.
c6+ Kd8 42. Re6 Ne5 43. Nxe5 dxe5 44. Kd3  1-0

[Event "2nd Easter 4NCL Congress"]
[Site "Daventry"]
[Date "2022.04.17"]
[Round "4"]
[Board "8"]
[White "Boutsias, Jason"]
[Black "Dean, Robert A"]
[Result "1-0"]
[WhiteElo "1638"]
[BlackElo "1909"]
[PlyCount "115"]
[EventDate "2022.04.15"]
[EventRounds "7"]
[EventCountry "ENG"]

1. e4 e6 2. d4 d5 3. Nc3 Bb4 4. a3 Bxc3+ 5. bxc3 Ne7 6. Bd3 c5 7. e5 Nbc6 8.
Qg4 c4 9. Be2 O-O 10. h4 f5 11. Qg3 Qa5 12. Kf1 f4 13. Qf3 Qa4 14. Bd1 Bd7 15.
Ne2 Rf7 16. Nxf4 Raf8 17. g3 Nf5 18. Qe2 Qa5 19. Bd2 Nce7 20. Kg2 Ng6 21. Nxg6
hxg6 22. f4 Nh6 23. Rf1 Qd8 24. Qf2 Nf5 25. Bg4 Nh6 26. Bh3 Qe7 27. Be3 b6 28.
Qd2 Kh7 29. Qc1 Qd8 30. Qb2 Kg8 31. Qb4 Qb8 32. g4 Qd8 33. Kg3 Bc8 34. a4 Kh7
35. a5 bxa5 36. Rxa5 Rb7 37. Qc5 Rff7 38. Rb1 Rfc7 39. Qa3 Nf7 40. g5 Bd7 41.
Bg4 Qb8 42. h5 gxh5 43. Bxh5 g6 44. Qe7 Bc8 45. Qf6 gxh5 46. g6+ Kg8 47. gxf7+
Rxf7 48. Qd8+ Rf8 49. Qh4 Rh7 50. Kf3 Rff7 51. Rg1+ Rhg7 52. Raa1 Qc7 53. Qxh5
Qe7 54. Bf2 Rf5 55. Rxg7+ Qxg7 56. Qh4 Qh7 57. Rg1+ Kh8 58. Qd8+  1-0

[Event "2nd Easter 4NCL Congress"]
[Site "Daventry"]
[Date "2022.04.17"]
[Round "4"]
[Board "9"]
[White "Zhao, George"]
[Black "Gostelow, Luke"]
[Result "0-1"]
[WhiteElo "1540"]
[BlackElo "1867"]
[PlyCount "78"]
[EventDate "2022.04.15"]
[EventRounds "7"]
[EventCountry "ENG"]

1. d4 Nf6 2. g3 g6 3. Bg2 d5 4. Nf3 Bg7 5. O-O O-O 6. b3 c5 7. Bb2 cxd4 8. Nxd4
Re8 9. c4 e5 10. Nf3 d4 11. Re1 Nc6 12. e3 dxe3 13. Qxd8 exf2+ 14. Kxf2 Ng4+
15. Kg1 Rxd8 16. h3 Nh6 17. Nc3 f6 18. Nd5 Bd7 19. g4 Nf7 20. b4 Rab8 21. b5
Na5 22. Bf1 Be6 23. Ne3 Rbc8 24. Rac1 Nd6 25. c5 Ne4 26. Ba3 Bf8 27. g5 Nxg5
28. Nxg5 fxg5 29. Rc3 Rd2 30. Nc2 Bf5 31. Bb4 Rxc2 32. Bxa5 Rxc3 33. Bxc3 Bxc5+
34. Kg2 e4 35. a4 Bb6 36. Be5 Rc2+ 37. Kh1 e3 38. Bg2 e2 39. Bxb7 Ba5  0-1

[Event "2nd Easter 4NCL Congress"]
[Site "Daventry"]
[Date "2022.04.17"]
[Round "4"]
[Board "10"]
[White "Coburn, Joseph A"]
[Black "Ashcroft, Graham J"]
[Result "0-1"]
[WhiteElo "1818"]
[BlackElo "1982"]
[PlyCount "90"]
[EventDate "2022.04.15"]
[EventRounds "7"]
[EventCountry "ENG"]

1. e4 e6 2. d4 d5 3. exd5 exd5 4. Nf3 Bg4 5. Be2 Bd6 6. O-O Ne7 7. Ne5 Bxe2 8.
Qxe2 O-O 9. Nc3 Nbc6 10. Nb5 Re8 11. Nxd6 Qxd6 12. Nxc6 Nxc6 13. Qd3 Re4 14. c3
Rae8 15. Bd2 Qe6 16. f3 Re2 17. Rae1 h6 18. Rxe2 Qxe2 19. Qxe2 Rxe2 20. Rf2
Rxf2 21. Kxf2 Nd8 22. Bf4 Ne6 23. Ke3 f6 24. b3 Kf7 25. h4 g5 26. hxg5 fxg5 27.
Be5 h5 28. f4 Kg6 29. fxg5 Kxg5 30. Kf3 c6 31. g3 Kf5 32. c4 Ng5+ 33. Kg2 Ke4
34. cxd5 cxd5 35. Bf6 Nf3 36. Kh3 Nxd4 37. g4 hxg4+ 38. Kxg4 Ne2 39. Bg5 Nc3
40. a4 Kd3 41. a5 Ne4 42. Be7 Kc3 43. b4 d4 44. Bc5 a6 45. Kf3 Nxc5  0-1

[Event "2nd Easter 4NCL Congress"]
[Site "Daventry"]
[Date "2022.04.17"]
[Round "4"]
[Board "11"]
[White "Fallowfield, Nicholas"]
[Black "Vijayakumar, Rishi"]
[Result "1/2-1/2"]
[WhiteElo "1959"]
[BlackElo "1722"]
[PlyCount "53"]
[EventDate "2022.04.15"]
[EventRounds "7"]
[EventCountry "ENG"]

1. Nf3 d5 2. c4 d4 3. b4 b6 4. Bb2 c5 5. e3 dxe3 6. fxe3 Nd7 7. Be2 f6 8. O-O
e5 9. d4 exd4 10. exd4 cxd4 11. Nxd4 Ne5 12. Bf3 Nxf3+ 13. Qxf3 Bd7 14. Re1+
Ne7 15. Nb5 Bxb5 16. Qh5+ g6 17. Qxb5+ Kf7 18. Bxf6 Kxf6 19. Qe5+ Kf7 20. Qxh8
Bg7 21. Rf1+ Nf5 22. Qxd8 Rxd8 23. g4 Bxa1 24. gxf5 gxf5 25. Rxf5+ Kg6 26. Rf1
Bb2 27. Kg2  1/2-1/2

[Event "2nd Easter 4NCL Congress"]
[Site "Daventry"]
[Date "2022.04.17"]
[Round "4"]
[Board "12"]
[White "Neatherway, A Philip"]
[Black "Livesey, R Nigel"]
[Result "1-0"]
[WhiteElo "1823"]
[BlackElo "1864"]
[PlyCount "51"]
[EventDate "2022.04.15"]
[EventRounds "7"]
[EventCountry "ENG"]

1. e4 c6 2. d4 d5 3. exd5 cxd5 4. c4 Nf6 5. Nc3 e6 6. Nf3 Be7 7. Bf4 a6 8. c5
O-O 9. Bd3 Nbd7 10. h3 Nb8 11. O-O b6 12. b4 a5 13. a3 axb4 14. axb4 Rxa1 15.
Qxa1 Nc6 16. Rb1 Nh5 17. Bh2 g6 18. Bb5 Bd7 19. Qa4 Qe8 20. Bxc6 Bxc6 21. b5
Bxb5 22. Qxb5 bxc5 23. dxc5 Qc8 24. c6 Bd8 25. Qb7 Bf6 26. Na4  1-0

[Event "2nd Easter 4NCL Congress"]
[Site "Daventry"]
[Date "2022.04.17"]
[Round "4"]
[Board "13"]
[White "Stephens, Graeme"]
[Black "Pyun, Lindsay"]
[Result "1/2-1/2"]
[WhiteElo "1856"]
[BlackElo "1569"]
[PlyCount "61"]
[EventDate "2022.04.15"]
[EventRounds "7"]
[EventCountry "ENG"]

1. d4 d5 2. c4 c6 3. Nc3 Nf6 4. e3 Bf5 5. cxd5 Nxd5 6. Qb3 b6 7. Nf3 e6 8. Be2
Be7 9. O-O O-O 10. Nd2 Nxc3 11. Qxc3 c5 12. Bf3 Nd7 13. Bxa8 Qxa8 14. Nb3 Rc8
15. Qd2 c4 16. d5 cxb3 17. dxe6 Bxe6 18. axb3 Nc5 19. Qb4 Nxb3 20. Qxe7 Nxa1
21. Bd2 Nb3 22. Bc3 h6 23. Rd1 Nc5 24. f3 Re8 25. Qd6 Bb3 26. Qg3 Ne6 27. Rd6
Qb7 28. f4 f5 29. e4 Qe7 30. Be5 Bc4 31. b3  1/2-1/2

[Event "2nd Easter 4NCL Congress"]
[Site "Daventry"]
[Date "2022.04.17"]
[Round "4"]
[Board "14"]
[White "Lawrence, Spencer"]
[Black "Tomlinson, Zak"]
[Result "0-1"]
[WhiteElo "1720"]
[BlackElo "1855"]
[PlyCount "100"]
[EventDate "2022.04.15"]
[EventRounds "7"]
[EventCountry "ENG"]

1. e4 e5 2. Nf3 Nc6 3. Nc3 Nf6 4. d4 exd4 5. Nxd4 Be7 6. Nxc6 dxc6 7. Qxd8+
Bxd8 8. f3 Be6 9. Be3 Be7 10. O-O-O Nd7 11. f4 f6 12. Be2 O-O-O 13. h3 Bc5 14.
Bxc5 Nxc5 15. Rxd8+ Kxd8 16. Bg4 Bxg4 17. hxg4 h6 18. Re1 a5 19. e5 Re8 20. Ne4
Nxe4 21. Rxe4 fxe5 22. fxe5 Kd7 23. Kd2 Ke6 24. Ke3 Rd8 25. c4 Rd1 26. Kf4 g5+
27. Kf3 Rd2 28. Re1 Rxb2 29. Rh1 Kxe5 30. Rxh6 Rxa2 31. g3 a4 32. Rg6 a3 33.
Rxg5+ Kd4 34. Ra5 Kxc4 35. g5 Kb3 36. g6 Rd2 37. Kg4 Rd8 38. Kg5 Kb2 39. Kf6 a2
40. Ke7 Rb8 41. g7 a1=Q 42. Rxa1 Kxa1 43. Kf7 c5 44. g8=Q Rxg8 45. Kxg8 c4 46.
g4 c3 47. g5 c2 48. g6 c1=Q 49. g7 b5 50. Kf8 Qg5  0-1